Latin American Countries & Capitals - Statistics

General Stats
  • This quiz has been taken 1,152 times
  • The average score is 11 of 21
Answer Stats
# Countries Capitals % Correct
1 Argentina Buenos Aires
98%
3 Brasil Brasilia
84%
5 Colombia Bogota
83%
4 Chile Santiago
83%
2 Bolivia La Paz
82%
7 Cuba Havana
72%
8 Ecuador Quito
72%
6 Costa Rica San Jose
72%
9 El Salvador San Salvador
71%
17 Peru Lima
42%
21 Venezuela Caracas
39%
20 Uruguay Montevideo
37%
11 Hondorus Tegucigalpa
35%
14 Nicaragua Managua
34%
18 Puerto Rico San Juan
34%
12 Jamaica Kingston
33%
16 Paraguay Asuncion
31%
10 Guatemala Cuidad de Guatemala
31%
13 Mexico Cuidad de Mexico
29%
19 Republica Dominicana Santo Domingo
28%
15 Panama Cuidad de Panama
26%
No matching quizzes found
Score Distribution
Percent of People with Each Score
Percentile by Number Answered
Your Score History
You have not taken this quiz